Technical Analysis of Treatment Sorting Systems and Reduction of Final Residue in Hellenic Recycling Center S.A/ (Record no. 8533)
[ view plain ]
| 000 -LEADER | |
|---|---|
| fixed length control field | 01437cam a22001934a 4500 |
| 005 - ΗΜΕΡΟΜΗΝΙΑ ΚΑΙ ΩΡΑ ΤΕΛΕΥΤΑΙΑΣ ΕΝΗΜΕΡΩΣΗΣ | |
| Πεδίο ελέγχου | 20250605164338.0 |
| 008 - FIXED-LENGTH DATA ELEMENTS--GENERAL INFORMATION | |
| Πεδίο ελέγχου σταθερού μήκους | 250528s ||||||||||||||||||||||||d |
| 035 ## - SYSTEM CONTROL NUMBER | |
| System control number | 23532 |
| 040 ## - ΠΗΓΗ ΚΑΤΑΛΟΓΟΓΡΑΦΗΣΗΣ | |
| Φορέας πρωτότυπης καταλογογράφησης | MC Athens Campus Library |
| Γλώσσα καταλογογράφησης | Ελληνικά, Μοντέρνα (1453-) |
| Modifying agency | MC Athens Campus Library |
| Κανόνες περιγραφικής καταλογογράφησης | AACR2 |
| 245 1# - ΤΙΤΛΟΣ ΚΑΙ ΔΗΛΩΣΗ ΥΠΕΥΘΥΝΟΤΗΤΑΣ | |
| Τίτλος | Technical Analysis of Treatment Sorting Systems and Reduction of Final Residue in Hellenic Recycling Center S.A/ |
| 260 ## - PUBLICATION, DISTRIBUTION, ETC. | |
| Date of publication, distribution, etc. | 2016 |
| 300 ## - PHYSICAL DESCRIPTION | |
| Extent | 47 |
| 520 ## - SUMMARY, ETC. | |
| Summary, etc. | Introduction, Analysis of Electric and Electronic Equipment, Treatment Process, Magnetic and Electromagnetic Suspended Separator, Principle of Operation, Principle of Work, Technical Data and Muchinery Components, Electromagnetic Separator, Permanent Magnetic Separator, Types of Processing Materials in Hellenic Recycling Centre S.A, Eddy Current and Induction Separator, Principle of Operation, Eddy Current, Optical Separator, Near Infrared, Air Classifier Separators (Dry Densimetric Table, Wind Shifting System), Dry Densimetric Table, Wind Shifting System (ZIg-Zag-Cyclone), Reduction of Residue, Treatment by Eddy Current Sorting System, Treatment by Induction Sorting System, Treatment by Optical Sorting System, Treatment by Near Infrared (NIR) Sorting System, Treatment Line of Residue (Hammer Mill), Thermal Treatment Line of Residue, Costing, Conclusion Reference List, Bibliography. |
| 700 1# - ΠΡΟΣΘΕΤΗ ΑΝΑΓΡΑΦΗ--ΦΥΣΙΚΟ ΠΡΟΣΩΠΟ | |
| Personal name | Panoutsos Stylianos |
| 9 (RLIN) | 9073 |
| 700 1# - ΠΡΟΣΘΕΤΗ ΑΝΑΓΡΑΦΗ--ΦΥΣΙΚΟ ΠΡΟΣΩΠΟ | |
| Personal name | Vakonitos Diogenis |
| 9 (RLIN) | 9106 |
| 942 ## - ADDED ENTRY ELEMENTS (KOHA) | |
| Koha item type | Διπλωματική εργασία |
| Τύπος τεκμηρίου | Βιβλιοθήκη | Τρέχουσα τοποθεσία | Barcode | Ημερομηνία απόκτησης | Ταξιθετικό σύμβολο | Αριθμός αντιτύπου | Κατάσταση απόσυρσης | Κατάσταση χαμένου | Κατάσταση κατεστραμμένου | Μη δανεισμός | Σύνολο δανεισμών | Ημερομηνία τελευταίας εμφάνισης | Η τιμή ισχύει από |
|---|---|---|---|---|---|---|---|---|---|---|---|---|---|
| Διπλωματική εργασία | MC Athens Campus Library | MC Athens Campus Library | 9780000085320 | 05/06/2025 | ENG 2016 (53) | 1 | 05/06/2025 | 05/06/2025 |